000
00289nam a22001337a 4500
008
180123b xxu||||| |||| 00| 0 eng d
020
_a
9780821576113
041
_a
eng
080
_a
37
100
_a
48
101
_a
EDU
245
_a
VOCABULARY WORK SHOP
_c
JEROME.SH
942
_2
udc
_c
BK
999
_c
40792
_d
40792